Universitas Tyrnaviensis časopis Trnavskej univerzity v Trnave

Bibliographic Details
Format: Journal
Language:Slovak
PhysicalDescription:zv. 30 cm
Published: V Trnave Trnavská univerzita 1996-
ISSN:1338-9025
Subjects:
Online Access:https://www.truni.sk/casopis

MARC

LEADER 00000cas a2200000 a 4500
001 vtls010494035
003 SK-MaSNL
005 20260425194202.0
008 130228c19969999xo qr|p 0 b0slo
022 |a 1338-9025 
040 |a SVKBB  |b slo  |c SVKBB  |e AACR2 
041 0 |a slo 
043 |a e-xo--- 
044 |a xo  |c SK 
072 7 |a 378  |x Vysoké školy  |2 konspekt 
072 7 |a 37  |x Výchova a vzdelávanie  |2 konspekt 
080 |a 37.01/.09  |2 2011 
080 |a 378.4  |2 2011 
080 |a (051)-048.55  |2 2011 
080 |a 050  |2 2011 
210 0 |a Univ. Tyrnaviensis 
222 0 |a Universitas Tyrnaviensis 
245 0 0 |a Universitas Tyrnaviensis  |b časopis Trnavskej univerzity v Trnave 
260 |a V Trnave  |b Trnavská univerzita  |c 1996- 
300 |a zv.  |c 30 cm 
310 |a 4x ročne  |b 2012- 
321 |a 2x ročne  |b 1996-2007 
362 0 |a 1 (1996)-2007 ; Č. 1 (2012)- 
500 |a Časopis v r. 2008-2011 nevychádzal 
500 |a Evidenčné č.: EV 4665/12 
610 2 7 |a Trnavská univerzita v Trnave  |2 SNKKA  |9 32716 
650 0 7 |a univerzity  |2 SNKPH  |9 22152 
650 0 7 |a vzdelávanie  |2 SNKPH  |9 4033 
655 7 |a špecializované časopisy  |2 SNKPH  |9 70509 
710 2 |a Trnavská univerzita v Trnave  |4 pbl  |9 32716 
752 |a Slovensko  |d Trnava 
856 4 1 |u https://www.truni.sk/casopis 
910 |a snk 
999 |c 6312  |d 8242 
952 |t č. 1-2  |a SNK  |b SNK  |y PREZ  |7 0  |p 17A1367603  |o snkČSB 7097/2012  |i snk2019/13843  |8 0  |0 0  |1 0  |4 0  |d 2019-05-20  |l 0  |r 2026-02-21 22:07:14  |w 2026-02-21 
952 |t č. 1-4  |a SNK  |b SNK  |y PREZ  |7 0  |p 17A1367604  |o snkČSB 7097/2013  |i snk2019/13844  |8 0  |0 0  |1 0  |4 0  |d 2019-05-20  |l 0  |r 2026-02-21 22:07:14  |w 2026-02-21 
952 |t č. 1-4  |a SNK  |b SNK  |y PREZ  |7 0  |p 17A1367605  |o snkČSB 7097/3/2014  |i snk2019/13845  |8 0  |0 0  |1 0  |4 0  |d 2019-05-20  |l 0  |r 2026-02-21 22:07:14  |w 2026-02-21 
952 |t č. 1-4  |a SNK  |b SNK  |y PREZ  |7 0  |p 17A1367606  |o snkČSB 7097/4/2015  |i snk2019/13846  |8 0  |0 0  |1 0  |4 0  |d 2019-05-20  |l 0  |r 2026-02-21 22:07:14  |w 2026-02-21 
952 |t č. 1-4  |a SNK  |b SNK  |y PREZ  |7 0  |p 17A1367607  |o snkČSB 7097/5/2016  |i snk2019/13848  |8 0  |0 0  |1 0  |4 0  |d 2019-05-20  |l 0  |r 2026-02-21 22:07:14  |w 2026-02-21 
952 |t č. 1-4  |a SNK  |b SNK  |y PREZ  |7 0  |p 17A1367608  |o snkČSB 7097/6/2017  |i snk2019/13849  |8 0  |0 0  |1 0  |4 0  |d 2019-05-20  |l 0  |r 2026-02-21 22:07:14  |w 2026-02-21 
952 |t č. 1-4  |a SNK  |b SNK  |y PREZ  |7 0  |p 17A1367609  |o snkČSB 7097/7/2018  |i snk2019/13850  |8 0  |0 0  |1 0  |4 0  |d 2019-05-20  |l 0  |r 2026-02-21 22:07:14  |w 2026-02-21 
952 |t č. 1-4  |a SNK  |b SNK  |y PREZ  |7 0  |p 17A1432914  |o snkČSB 7097/8/2019  |i snk2020/20111  |8 0  |0 0  |1 0  |4 0  |d 2020-10-29  |l 0  |r 2026-02-21 22:23:33  |w 2026-02-21